000 00808nam a22001817a 4500
999 _c915
_d915
005 20251125232734.0
008 s2525 th tha d
040 _aNALT
041 _atha
050 _aDS572 น6
245 1 0 _aตำนานแสดงการเคลื่อนที่ของไทยโบราณถึงปัจจุบัน
260 3 _bโรงพิมพ์กรมแผนที่ทหาร,
_c2525
300 _a20 หน้า :
_b ภาพประกอบ, แผนที่, แผนผัง
650 0 4 _aไทย -- ประวัติศาสตร์ -- สมัยเริ่มแรกก่อน พ.ศ.1800 -- ปัจจุบัน
850 _aNALT
856 4 0 _uhttps://hdl.handle.net/20.500.14156/371707
942 _cGB
_2lcc